[Event "6th EICC"]
[Site "Warsaw POL"]
[Date "2005.06.28"]
[Round "10"]
[White "Stefansson,H"]
[Black "Mista,A"]
[Result "1/2-1/2"]
[WhiteElo "2573"]
[BlackElo "2497"]

1.Nf3 c5 2.c4 Nf6 3.Nc3 e6 4.g3 b6 5.Bg2 Bb7 6.O-O Be7 7.Re1 a6 8.e4 d6 9.d4 cxd4
10.Nxd4 Qc7 11.Be3 O-O 12.Rc1 Re8 13.f4 Bf8 14.f5 Nbd7 15.fxe6 fxe6 16.Bh3 Nc5
17.b4 Ncxe4 18.Nxe4 Nxe4 19.Nxe6 Qf7 20.Rf1 Nf6 21.Ng5 Qc7 22.Bd4 Qc6 23.Nf3 Ne4
24.Bg2 Rac8 25.Ng5 d5 26.Qh5 Qg6 27.Qxg6 hxg6 28.Nxe4 dxe4 29.Bh3 Rb8 30.Bxb6 Bxb4
31.Rb1 Bc8 32.Rxb4 Bxh3 33.Re1 Re6 34.Bc5 Rxb4 35.Bxb4 Rf6 36.Bd2 Kf7 37.c5 Ke6  1/2-1/2

[Event "6th EICC"]
[Site "Warsaw POL"]
[Date "2005.06.28"]
[Round "10"]
[White "Mastrovasilis,A"]
[Black "Chuchelov,V"]
[Result "1/2-1/2"]
[WhiteElo "2473"]
[BlackElo "2571"]

1.Nf3 c5 2.c4 Nf6 3.Nc3 d5 4.cxd5 Nxd5 5.d4 Nxc3 6.bxc3 g6 7.e4 Bg7 8.Be3 O-O
9.Be2 Nc6 10.O-O cxd4 11.cxd4 Bg4 12.d5 Bxf3 13.Bxf3 Bxa1 14.Qxa1 Na5 15.Bh6 f6
16.Bg4 Qd6 17.Be6+ Kh8 18.h4 Nc4 19.Qc3 b5 20.Qh3 Qe5 21.Re1 Rfd8 22.f4 Qd4+
23.Kh2 Qf2 24.h5 gxh5 25.Rg1 h4 26.Qf3 Qg3+ 27.Qxg3 hxg3+ 28.Kxg3 Rd6 29.Rb1 Rb8
30.e5 Ra6 31.d6 Nd2 32.Re1 fxe5 33.fxe5 Nc4 34.Bg5 Kg7 35.Bxe7 Nxe5 36.Rf1 Ra3+
37.Kh2 Re3 38.Kg1 Nf3+ 39.Rxf3 Rxe6 40.Rd3 Rxe7 41.dxe7 Re8 42.Rd7  1/2-1/2

[Event "6th EICC"]
[Site "Warsaw POL"]
[Date "2005.06.28"]
[Round "10"]
[White "Portisch,L"]
[Black "Markus,R"]
[Result "0-1"]
[WhiteElo "2525"]
[BlackElo "2584"]

1.c4 c5 2.Nc3 Nf6 3.Nf3 e6 4.e3 Nc6 5.d4 d5 6.a3 a6 7.dxc5 Bxc5 8.b4 Ba7
9.Bb2 O-O 10.Qc2 Qe7 11.Rd1 Rd8 12.Be2 d4 13.exd4 Nxd4 14.Nxd4 Bxd4 15.O-O e5
16.Na4 Bg4 17.Bxd4 Rxd4 18.Bxg4 Nxg4 19.Nb6 Re8 20.Nd5 Qh4 21.h3 Nf6 22.Ne3 g6
23.c5 Kg7 24.Rxd4 exd4 25.Nc4 Nd5 26.Qd2 Qf6 27.Nd6 Re7 28.Rd1 Nf4 29.g3 Ne2+
30.Kg2 b6 31.Re1 bxc5 32.bxc5 Qe5 33.Kh2 Qxc5 34.Rxe2 Rxe2 35.Qxe2 Qxd6 36.Qd3 Qc5
37.Qxa6 Qc3 38.a4 Qc2 39.Kg2 Qe4+ 40.Kg1 d3 41.Qa5 Qe2 42.Qc3+ Kh6 43.Qb4 d2
44.Qf8+ Kh5 45.g4+ Kg5 46.Qd8+ f6 47.f4+ Kh4 48.Qxf6+ g5  0-1

[Event "6th EICC"]
[Site "Warsaw POL"]
[Date "2005.06.29"]
[Round "11"]
[White "Cvitan,O"]
[Black "Huzman,A"]
[Result "1-0"]
[WhiteElo "2481"]
[BlackElo "2577"]

1.c4 c5 2.Nf3 Nf6 3.Nc3 d5 4.cxd5 Nxd5 5.g3 Nc6 6.Bg2 Nc7 7.O-O e5 8.b3 Be7
9.Bb2 O-O 10.Rc1 f6 11.e3 Bg4 12.h3 Bh5 13.a3 Qd7 14.Nxe5 Nxe5 15.Qxh5 Qxd2
16.Ba1 g6 17.Qh4 Qd7 18.Rfd1 Qe8 19.Nd5 Nxd5 20.Bxd5+ Kg7 21.Bxb7 Rb8 22.Qe4 Qb5
23.Bd5 Bd8 24.Bxe5 fxe5 25.Qxe5+ Bf6 26.Qc7+ Kh6 27.Bc4 Qb6 28.Rd7  1-0

[Event "Open"]
[Site "Barbera del Valles ESP"]
[Date "2005.07.04"]
[Round "1"]
[White "Garcia Roman,D"]
[Black "Exposito Cabrera,J"]
[Result "1-0"]
[WhiteElo "2390"]
[BlackElo "2138"]

1.c4 c5 2.Nf3 Nf6 3.Nc3 e6 4.g3 b6 5.Bg2 Bb7 6.O-O a6 7.d4 cxd4 8.Qxd4 Nc6
9.Qd3 Qc7 10.b3 Ne5 11.Bf4 d6 12.Nxe5 Bxg2 13.Nxf7 Bxf1 14.Nxh8 Bh3 15.Qf3 Rc8
16.Ne4 Nxe4 17.Qh5+ g6 18.Qxh3 Qe7 19.Rd1 Rd8 20.Qg2 Nc3 21.Rd2 Bg7 22.Qc6+ Qd7
23.Qxb6 Ne4 24.Rd4 Bxd4 25.Qxd4 Qb7 26.Bh6 e5 27.Qe3 Ke7 28.Bg5+ Nxg5 29.Qxg5+ Kd7
30.Nf7 Rf8 31.Qf6 Qb8 32.c5 Rc8 33.cxd6 Rc1+ 34.Kg2 Rd1 35.Nxe5+ Kc8 36.d7+ Kb7
37.Nc6 Qc7 38.d8=Q Rxd8 39.Nxd8+ Ka7 40.Qf7  1-0

[Event "ch-NOR"]
[Site "Sandnes NOR"]
[Date "2005.07.04"]
[Round "3"]
[White "Ekeberg,C"]
[Black "Fyllingen,R"]
[Result "0-1"]
[WhiteElo "2283"]
[BlackElo "2395"]

1.Nf3 Nf6 2.c4 e6 3.Nc3 c5 4.g3 Nc6 5.Bg2 Be7 6.O-O O-O 7.d4 cxd4 8.Nxd4 Ne5
9.b3 a6 10.e4 d6 11.h3 Bd7 12.f4 Nc6 13.Nc2 b5 14.Ne3 Qb6 15.Kh2 Rac8 16.Bd2 Rfd8
17.Qe2 Nd4 18.Qd3 Bc6 19.Ned5 exd5 20.cxd5 b4 21.dxc6 bxc3 22.Be3 Qxc6 23.Bxd4 d5
24.exd5 Nxd5 25.Rac1 Qd7 26.Be5 Ba3 27.Rc2 f6 28.Bxd5+ Qxd5 29.Qxd5+ Rxd5
30.Rxc3 Rd2+ 31.Kh1 Re8 32.Bc7 Ree2 33.Rb1 Bb2  0-1

[Event "ch-SWE"]
[Site "Goeteborg SWE"]
[Date "2005.07.05"]
[Round "4"]
[White "Agrest,E"]
[Black "Carlsson,P"]
[Result "1/2-1/2"]
[WhiteElo "2592"]
[BlackElo "2394"]

1.Nf3 Nf6 2.c4 c5 3.Nc3 e6 4.g3 b6 5.Bg2 Bb7 6.O-O Be7 7.Re1 d6 8.e4 a6 9.d4 cxd4
10.Nxd4 Qc7 11.Be3 Nbd7 12.f4 Rc8 13.Rc1 Qb8 14.Qe2 Qa8 15.Bf2 O-O 16.f5 exf5
17.Nxf5 Rfe8 18.Rcd1 Qb8 19.Qd2 Ne5 20.b3 b5 21.cxb5 axb5 22.Bd4  1/2-1/2

[Event "Australian Masters"]
[Site "Melbourne AUS"]
[Date "2005.07.05"]
[Round "6"]
[White "Sales,J"]
[Black "Depasquale,C"]
[Result "1-0"]
[WhiteElo "2340"]
[BlackElo "2337"]

1.Nf3 c5 2.c4 Nf6 3.Nc3 d5 4.d4 e6 5.cxd5 exd5 6.g3 Nc6 7.Bg2 cxd4 8.Nxd4 Be7
9.O-O O-O 10.Bg5 h6 11.Be3 Re8 12.h3 Na5 13.Nc2 Be6 14.Kh2 Nc4 15.Bc1 Rc8
16.b3 Nd6 17.Bb2 Qa5 18.Qe1 Kf8 19.Nd4 Qb4 20.e3 Nc4 21.a3 Qb6 22.bxc4 Qxb2
23.Na4 Qxa1 24.Qxa1 Rxc4 25.Nb2 Rc3 26.Nb5 Rc2 27.a4 Rec8 28.Nxa7 R8c3 29.Nb5 Rb3
30.Nd1 Rc4 31.e4 dxe4 32.Ne3 Rc8 33.Nd4 Ra3 34.Nxe6+ fxe6 35.Qb1 Rxa4 36.Qxb7 Rc5
37.h4 Kf7 38.Bh3 g5 39.Bxe6+  1-0

[Event "34th TCh-GRE"]
[Site "Ermioni Argolidas GRE"]
[Date "2005.07.06"]
[Round "3"]
[White "Izoria,Z"]
[Black "Chuchelov,V"]
[Result "1-0"]
[WhiteElo "2606"]
[BlackElo "2562"]

1.Nf3 Nf6 2.c4 e6 3.Nc3 c5 4.e3 Nc6 5.d4 cxd4 6.exd4 d5 7.c5 Be7 8.Bb5 O-O
9.O-O Bd7 10.Re1 b6 11.Ne5 Na5 12.Nxd7 Nxd7 13.b4 Nc4 14.Bf4 a6 15.Bxc4 dxc4
16.Qe2 a5 17.a3 axb4 18.axb4 Rxa1 19.Rxa1 e5 20.Nd5 Bh4 21.dxe5 bxc5 22.b5 Re8
23.Rd1 g5 24.Be3 Nxe5 25.Bxc5 Kg7 26.Bb6 Qd6 27.Bc7  1-0

[Event "20th North Sea Cup"]
[Site "Esbjerg DEN"]
[Date "2005.07.07"]
[Round "7"]
[White "Kalinitschew,S"]
[Black "Belov,Vl"]
[Result "0-1"]
[WhiteElo "2478"]
[BlackElo "2596"]

1.Nf3 Nf6 2.c4 c5 3.Nc3 e6 4.e4 Nc6 5.Be2 e5 6.O-O g6 7.a3 d6 8.Rb1 a5 9.d3 Bg7
10.Nd5 Nxd5 11.exd5 Nd4 12.Nxd4 cxd4 13.b4 axb4 14.Rxb4 O-O 15.Qb3 Ra6 16.Bd2 f5
17.Rb1 e4 18.Rb6 e3 19.fxe3 dxe3 20.Be1 f4 21.Rxa6 bxa6 22.Qb6 Qe7 23.Qc6 g5
24.Rb8 Bf5 25.Rxf8+ Bxf8 26.Qxa6 g4 27.c5 Qg7 28.Kf1 dxc5 29.Qc4 Bd6 30.Qa6 Qh6
31.Qa8+ Bf8 32.Kg1 Qg6 33.Bh4 Qg7 34.Kf1 f3 35.gxf3 gxf3 36.Bxf3 Bxd3+ 37.Be2 Qa1+  0-1

[Event "7th Festival IM"]
[Site "Saint Lo FRA"]
[Date "2005.07.08"]
[Round "1"]
[White "Daurelle,H"]
[Black "Mullon,J"]
[Result "0-1"]
[WhiteElo "2249"]
[BlackElo "2367"]

1.c4 c5 2.Nf3 Nf6 3.Nc3 e6 4.e3 Be7 5.d4 cxd4 6.exd4 d5 7.Bd3 dxc4 8.Bxc4 O-O
9.O-O Nc6 10.a3 Bd7 11.Re1 Rc8 12.Qd3 Qa5 13.Bg5 Rfd8 14.Rad1 Be8 15.d5 h6
16.Bf4 exd5 17.Nxd5 Nxd5 18.Bxd5 Qb6 19.b4 Bf6 20.Qf5 Ne7 21.Qg4 Nxd5 22.Rxd5 Rc4
23.Qf5 Bc6 24.Rd6 Rxd6 25.Bxd6 Qb5 26.Bc5 Bd7 27.Qd3 Rxc5  0-1

[Event "ch-NOR"]
[Site "Sandnes NOR"]
[Date "2005.07.09"]
[Round "8"]
[White "Gausel,E"]
[Black "Byklum,B"]
[Result "1-0"]
[WhiteElo "2522"]
[BlackElo "2283"]

1.Nf3 Nf6 2.c4 c5 3.Nc3 e6 4.g3 Nc6 5.Bg2 Be7 6.O-O O-O 7.b3 d5 8.cxd5 exd5
9.d4 Re8 10.Bb2 Bg4 11.dxc5 Bxc5 12.Rc1 Bf8 13.h3 Be6 14.Nd4 Rc8 15.e3 h6
16.Nce2 Qd7 17.Nf4 Be7 18.Qd2 Ne4 19.Qe2 Bf6 20.Rcd1 Nxd4 21.Bxd4 Nc3 22.Bxc3 Rxc3
23.Bxd5 Qc7 24.Qb5 Re7 25.Bxe6 fxe6 26.Ng6 Rf7 27.Qe8+ Kh7 28.Nf8+ Rxf8 29.Qxf8 Rxe3
30.Qd6 Qxd6 31.Rxd6 Re2 32.a4 Re4 33.Rfd1 Kg6 34.R1d3 h5 35.Re3  1-0

[Event "Open"]
[Site "Condom FRA"]
[Date "2005.07.11"]
[Round "4"]
[White "Zarrouati,P"]
[Black "Schmouchkovitch,C"]
[Result "1-0"]
[WhiteElo "2171"]
[BlackElo "1917"]

1.c4 Nf6 2.Nc3 e6 3.Nf3 c5 4.g3 b6 5.Bg2 Bb7 6.d3 Be7 7.O-O O-O 8.Rb1 d6
9.a3 Nbd7 10.b4 Rc8 11.bxc5 Nxc5 12.Nb5 a6 13.Nc3 Qc7 14.Be3 Nfd7 15.Qc2 d5
16.d4 Ne4 17.Nxe4 dxe4 18.Nd2 Bxa3 19.Bxe4 Bxe4 20.Qxe4 Be7 21.Rfc1 Rfe8
22.Nf3 Nf6 23.Qd3 a5 24.Rb5 Nd7 25.Qb1 h6 26.g4 f6 27.Bxh6 Kf7 28.Be3 Rh8
29.Qe4 Rh3 30.d5 e5 31.Qf5 Ke8 32.Bxb6 Nxb6 33.Rxb6 Qxb6 34.Qxc8+ Kf7 35.c5 Qb2
36.Re1 e4 37.Qe6+ Kf8 38.d6 Bxd6 39.Qxd6+ Kg8 40.Qe6+  1-0

[Event "34th TCh-GRE"]
[Site "Ermioni Argolidas GRE"]
[Date "2005.07.11"]
[Round "9"]
[White "Papaioannou,I"]
[Black "Sokolov,And1"]
[Result "1/2-1/2"]
[WhiteElo "2578"]
[BlackElo "2603"]

1.Nf3 Nf6 2.c4 e6 3.Nc3 c5 4.g3 b6 5.Bg2 Bb7 6.O-O d6 7.b3 Nbd7 8.Bb2 Be7
9.d4 cxd4 10.Qxd4 a6  1/2-1/2

[Event "27th Open"]
[Site "Oberwart AUT"]
[Date "2005.07.11"]
[Round "3"]
[White "Stanec,N"]
[Black "Nemeth,Mi1"]
[Result "1/2-1/2"]
[WhiteElo "2566"]
[BlackElo "2365"]

1.c4 Nf6 2.Nf3 e6 3.Nc3 c5 4.e3 Be7 5.d4 cxd4 6.exd4 d5 7.a3 dxc4 8.Bxc4 O-O
9.O-O b6 10.Re1 Bb7 11.Bg5 Nbd7 12.Ba2 Re8 13.Qe2 Nf8 14.Rad1 Nd5 15.Bxd5 Bxd5
16.Bxe7 Rxe7 17.Ne5 Rc8 18.Qg4 Rec7 19.h4 f6 20.Nd3 Bb3 21.Rd2  1/2-1/2

[Event "Open"]
[Site "Condom FRA"]
[Date "2005.07.15"]
[Round "8"]
[White "Sulypa,A"]
[Black "Fedorchuk,S"]
[Result "1/2-1/2"]
[WhiteElo "2465"]
[BlackElo "2571"]

1.c4 c5 2.Nf3 Nf6 3.Nc3 e6 4.e3 b6 5.d4 Bb7 6.Bd3 cxd4 7.exd4 Be7 8.O-O d5
9.cxd5 Nxd5 10.Bb5+ Bc6 11.Qa4 Bxb5 12.Qxb5+ Qd7 13.Qxd7+ Nxd7 14.Nxd5 exd5
15.Bf4 O-O 16.Rac1  1/2-1/2

[Event "Politiken Cup"]
[Site "Copenhagen DEN"]
[Date "2005.07.17"]
[Round "3"]
[White "Stokke,K"]
[Black "Hansen,SuB"]
[Result "0-1"]
[WhiteElo "2233"]
[BlackElo "2568"]

1.Nf3 c5 2.c4 Nf6 3.Nc3 e6 4.g3 b6 5.Bg2 Bb7 6.O-O d6 7.Re1 Be7 8.e4 a6 9.d4 cxd4
10.Nxd4 Qc7 11.Be3 O-O 12.f4 Nbd7 13.Rc1 h5 14.h3 Rfe8 15.g4 hxg4 16.hxg4 Nc5
17.Bf2 d5 18.e5 Nfe4 19.Be3 dxc4 20.Nxe4 Nxe4 21.Qc2 Nc5 22.Qxc4 Bxg2 23.Kxg2 Qb7+
24.Nf3 Red8 25.Bxc5 Bxc5 26.Rcd1 Rac8 27.g5 g6 28.Rxd8+ Rxd8 29.Kg3 a5 30.Rh1 Qd5
31.Qc2 Kf8 32.Rh8+ Ke7 33.Rxd8 Kxd8 34.Qd2 Ke7 35.b3 Qe4 36.Qd1 Ke8 37.Qh1 Be3
38.Qh8+ Kd7 39.Qf6 Qf5 40.Qxf5 exf5 41.Ne1 Kc6 42.Kf3 Bd2 43.Nd3 Kd5 44.Nb2 b5
45.a4 bxa4 46.Nxa4 Kd4 47.Nb6 Bb4 48.Nd7 Kc3 49.e6 fxe6 50.Ne5 Kxb3 51.Nxg6 a4
52.Ne5 Kc3 53.Nd7 a3 54.g6 a2 55.g7 a1=Q 56.g8=N Qa8+  0-1

[Event "Open A"]
[Site "Pardubice CZE"]
[Date "2005.07.22"]
[Round "1"]
[White "Kolesar,Mil"]
[Black "Meduna,E"]
[Result "0-1"]
[WhiteElo "2260"]
[BlackElo "2453"]

1.Nf3 Nf6 2.c4 c5 3.Nc3 e6 4.g3 d5 5.cxd5 exd5 6.d4 Nc6 7.Bg2 Be7 8.O-O O-O
9.Bg5 cxd4 10.Nxd4 h6 11.Be3 Re8 12.Qb3 Na5 13.Qc2 Bf8 14.Rad1 Bg4 15.h3 Bd7
16.Kh2 Rc8 17.Qd3 Nc4 18.Bc1 Ne5 19.Qb1 Bc6 20.e4 Bc5 21.exd5 Bd7 22.Nf5 Qb6
23.Ne3 h5 24.Ne4 Bb5 25.Rfe1 Bb4 26.Bd2 Bd3 27.Nxf6+ Qxf6 28.Qa1 Nf3+ 29.Bxf3 Qxf3
30.Bxb4 Rxe3 31.Rxe3 Qxf2+ 32.Kh1 Qxe3 33.Rd2 Qxg3  0-1

[Event "Open A"]
[Site "Pardubice CZE"]
[Date "2005.07.22"]
[Round "1"]
[White "Golcman,E"]
[Black "Fridman,D2"]
[Result "1/2-1/2"]
[WhiteElo "2296"]
[BlackElo "2566"]

1.c4 Nf6 2.Nc3 c5 3.Nf3 d5 4.cxd5 Nxd5 5.Nxd5 Qxd5 6.g3 Nc6 7.Bg2 g6 8.O-O Bg7
9.d3 Qh5 10.Be3 Bxb2 11.Rb1 Bf6 12.Qc2 Nb4 13.Qc4 O-O 14.Bxc5 Nxa2 15.Nd4 Rd8
16.e3 Bxd4 17.Bxd4 Be6 18.Qa4 Rac8 19.Rxb7 Nc3 20.Bxc3 Rxc3 21.Rxa7 Rcxd3
22.Rxe7 Qe2 23.h4 Rd2 24.Re8+ Rxe8 25.Qxe8+ Kg7 26.Qb8 Rd1 27.Qe5+ Kg8 28.Rxd1 Qxd1+
29.Kh2 Qe2 30.Qf6 h6 31.e4 Kh7 32.Qf3 Qxf3 33.Bxf3 g5 34.hxg5 hxg5 35.e5 Kg7  1/2-1/2

[Event "Open A"]
[Site "Pardubice CZE"]
[Date "2005.07.23"]
[Round "2"]
[White "Espig,L"]
[Black "Hrbolka,L jr"]
[Result "1/2-1/2"]
[WhiteElo "2444"]
[BlackElo "2255"]

1.Nf3 Nf6 2.c4 c5 3.Nc3 g6 4.d4 cxd4 5.Nxd4 Bg7 6.e4 d6 7.Be2 O-O 8.O-O Nc6
9.Be3 Bd7 10.Nc2 Qa5 11.f3 Rfc8 12.Qd2 Ne5 13.Na3 h5 14.Rac1 h4 15.Nd5 Qxd2
16.Bxd2 Nxd5 17.cxd5 h3 18.g3 f5 19.exf5 Bxf5 20.Bc3 Rc5 21.Rcd1 Rac8 22.Rfe1 Rxc3
23.bxc3 Rxc3 24.Nb5 Nxf3+ 25.Bxf3 Rxf3 26.Nd4 Bxd4+ 27.Rxd4 Bd3 28.Rh4 Rf7
29.Rd4 Ba6 30.Rf4 Rxf4 31.gxf4 Kf7 32.Re4 b6 33.Ra4 Bb7 34.Rxa7 Bxd5 35.a3 Kf6
36.Kf2 b5 37.Rc7 e5 38.fxe5+ Kxe5 39.Ke3 g5 40.Rg7 Kf5 41.Rd7 Ke5 42.Rg7 Kf5
43.Rd7 Ke5  1/2-1/2

[Event "ITT"]
[Site "Vicente Lopez ARG"]
[Date "2005.07.24"]
[Round "10"]
[White "Flores,Di"]
[Black "Paglilla,C"]
[Result "1-0"]
[WhiteElo "2513"]
[BlackElo "2386"]

1.Nf3 c5 2.c4 Nf6 3.Nc3 d5 4.cxd5 Nxd5 5.e3 e6 6.Bb5+ Bd7 7.Be2 Nxc3 8.bxc3 Bc6
9.O-O Nd7 10.d4 Be7 11.Bd3 O-O 12.e4 c4 13.Bc2 Qa5 14.a4 Rfd8 15.Bd2 Qh5
16.Qe2 Nf6 17.h3 Rac8 18.Qe3 Nd7 19.Nh2 Qg6 20.f3 e5 21.Qf2 b6 22.Rae1 Bb7
23.Kh1 exd4 24.cxd4 c3 25.Bc1 Ba6 26.Rg1 Nf8 27.f4 Qd6 28.Nf3 Ne6 29.e5 Qb4
30.Re4 Rc4 31.f5 Nxd4 32.f6 Bf8 33.fxg7 Be7 34.Nxd4 Rcxd4 35.Ba3 Qxa3 36.Rxd4 Rxd4
37.Qxd4 Kxg7 38.Qe4 Bc5 39.Qxh7+ Kf8 40.e6 Ke7 41.Qxf7+ Kd6 42.Rd1+  1-0

[Event "Open A"]
[Site "Pardubice CZE"]
[Date "2005.07.27"]
[Round "6"]
[White "Kosata,J"]
[Black "Protaziuk,G"]
[Result "0-1"]
[WhiteElo "2192"]
[BlackElo "2362"]

1.Nf3 Nf6 2.c4 c5 3.Nc3 d5 4.cxd5 Nxd5 5.g3 Nc6 6.Bg2 Nc7 7.O-O e5 8.d3 Be7
9.Nd2 Bd7 10.Nc4 f6 11.f4 b5 12.Nd2 exf4 13.Rxf4 Rc8 14.Nd5 O-O 15.Nxe7+ Qxe7
16.Nb3 Kh8 17.Bd2 Ne6 18.Rf1 Ned4 19.e3 Ne6 20.a3 Qd6 21.Bc3 Rfd8 22.Qe2 Ne7
23.Rad1 Bc6 24.d4 Bxg2 25.dxc5 Bxf1 26.Rxd6 Bxe2 27.Rxe6 Ng6  0-1

[Event "Open A"]
[Site "Pardubice CZE"]
[Date "2005.07.27"]
[Round "6"]
[White "Pribyl,Jo"]
[Black "Mihailovs,J"]
[Result "1/2-1/2"]
[WhiteElo "2392"]
[BlackElo "2298"]

1.Nf3 c5 2.c4 Nf6 3.Nc3 b6 4.g3 Bb7 5.Bg2 d6 6.d4 cxd4 7.Qxd4 Nbd7 8.O-O g6
9.Rd1 Bg7 10.Bg5 O-O 11.Qh4 Rc8 12.Rac1 Re8 13.b3 Rc5 14.Qf4 Qa8 15.Qd2 Ne4  1/2-1/2

[Event "Open Dutch Championship"]
[Site "Dieren NED"]
[Date "2005.07.28"]
[Round "3"]
[White "Savchenko,S"]
[Black "Janssen,G"]
[Result "1-0"]
[WhiteElo "2506"]
[BlackElo "2236"]

1.Nf3 Nf6 2.c4 c5 3.Nc3 d5 4.cxd5 Nxd5 5.d4 cxd4 6.Qxd4 Nxc3 7.Qxc3 Nc6 8.e4 f6
9.Bb5 Bd7 10.O-O Rc8 11.Qb3 e6 12.Be3 Qe7 13.Rfd1 Kf7 14.Bxa7 g6 15.Bb6 Bh6
16.e5 f5 17.Rd6 Nb8 18.Bxd7 Nxd7 19.Rad1  1-0

[Event "Open A"]
[Site "Pardubice CZE"]
[Date "2005.07.28"]
[Round "7"]
[White "Biriukov,O"]
[Black "Vorobiov,E"]
[Result "1/2-1/2"]
[WhiteElo "2377"]
[BlackElo "2552"]

1.Nf3 c5 2.c4 Nf6 3.Nc3 d5 4.cxd5 Nxd5 5.d4 Nxc3 6.bxc3 g6 7.Bf4 Bg7 8.e3 O-O
9.Be2 Nc6 10.Rb1 cxd4 11.cxd4 Qa5+ 12.Qd2 Qxd2+ 13.Nxd2 e5 14.dxe5 Nxe5 15.O-O b6
16.Nc4 Nxc4 17.Bxc4 Bb7 18.Bb3 Rfd8  1/2-1/2

[Event "MTO Open"]
[Site "Biel SUI"]
[Date "2005.07.29"]
[Round "11"]
[White "Rukavina,J"]
[Black "Ermeni,A"]
[Result "1-0"]
[WhiteElo "2419"]
[BlackElo "2301"]

1.c4 Nf6 2.Nf3 c5 3.Nc3 b6 4.d4 cxd4 5.Nxd4 Bb7 6.f3 a6 7.e4 d6 8.Be3 e6
9.Be2 Be7 10.O-O O-O 11.Qd2 Nbd7 12.a4 Rc8 13.a5 bxa5 14.Nb3 Qc7 15.Nxa5 Ba8
16.Na4 Rfd8 17.b4 Rb8 18.b5 d5 19.exd5 axb5 20.cxb5 Nxd5 21.Rfc1 Qe5 22.Bd4 Qf5
23.Qc2 Qf4 24.Bf2 Bd6 25.g3 Qg5 26.Nc6 Ne5 27.Nc3 Nxc3 28.Qxc3 Nxc6 29.bxc6 Be5
30.Qa5 Rd5 31.c7 Rf8 32.Qxa8 Bxa1 33.Qxa1 Rc5 34.Rxc5  1-0

[Event "International"]
[Site "Guelph CAN"]
[Date "2005.07.30"]
[Round "6"]
[White "Zugic,I"]
[Black "Shipov,S"]
[Result "0-1"]
[WhiteElo "2474"]
[BlackElo "2582"]

1.c4 Nf6 2.Nc3 c5 3.Nf3 e6 4.g3 b6 5.Bg2 Bb7 6.O-O Be7 7.Re1 d6 8.e4 Nbd7
9.d4 cxd4 10.Nxd4 Qc7 11.Be3 Rc8 12.Rc1 Qb8 13.b3 O-O 14.f4 a6 15.g4 Qa8
16.Bf2 g6 17.g5 Nh5 18.Qg4 Rc7 19.h4 Qc8 20.Nde2 Re8 21.Ng3 Nxg3 22.Qxg3 b5
23.cxb5 axb5 24.Qe3 b4 25.Na4 Nc5 26.Nxc5 dxc5 27.e5 Bxg2 28.Kxg2 c4 29.Qf3 c3
30.h5 Rd8 31.hxg6 hxg6 32.Rc2 Rcd7 33.Be3 Rd3 34.Qe4 Bc5 35.Bxc5 Qxc5 36.Rf1 Re3
37.Qc4 Qb6 38.Rcf2 Qb7+ 39.Kh2 Re4 40.Qc5 Rd5  0-1

[Event "92nd ch-GBR"]
[Site "Douglas IOM"]
[Date "2005.08.01"]
[Round "1"]
[White "Humphreys,Je"]
[Black "Morrison,G SCO"]
[Result "1/2-1/2"]
[WhiteElo "2115"]
[BlackElo "2322"]

1.Nf3 Nf6 2.c4 c5 3.Nc3 e6 4.g3 b6 5.Bg2 Bb7 6.O-O a6 7.b3 d6 8.Bb2 Nbd7
9.d3 Be7 10.e4 Ne5 11.Ne1 Nc6 12.f4 e5 13.Rc1 Nd4 14.Nd5 Nxd5 15.cxd5 Bf6
16.Bxd4 exd4 17.Nf3 O-O 18.Rc2 b5 19.Qd2 Qb6 20.Rfc1 a5 21.e5 Be7 22.exd6 Bxd6
23.Ne5 Rad8  1/2-1/2

[Event "92nd ch-GBR"]
[Site "Douglas IOM"]
[Date "2005.08.02"]
[Round "2"]
[White "Mason,D"]
[Black "Greet,A"]
[Result "1-0"]
[WhiteElo "2265"]
[BlackElo "2425"]

1.c4 Nf6 2.Nc3 c5 3.Nf3 e6 4.e3 d5 5.d4 cxd4 6.exd4 Be7 7.Bd3 dxc4 8.Bxc4 O-O
9.O-O a6 10.a4 Nc6 11.Be3 Qd6 12.Qe2 b6 13.Rfd1 Nb4 14.Ne5 Bb7 15.Bf4 Nbd5
16.Bg3 Qb4 17.f3 Nh5 18.Nxd5 exd5 19.Be1 Qd6 20.Ba2 a5 21.Bd2 Ba6 22.Qf2 g6
23.Rac1 Rfc8 24.Bb1 f6 25.Ng4 Nf4 26.Re1 Rxc1 27.Bxc1 Nd3 28.Bxd3 Bxd3 29.Qe3 f5
30.Nf2 Bc2 31.Qxe7 Qxe7 32.Rxe7 Bxa4 33.Nd3 Rc8 34.Bh6 Be8 35.Rg7+ Kh8 36.Re7 b5
37.Kf2  1-0

[Event "15th ETC Women"]
[Site "Gothenburg SWE"]
[Date "2005.08.03"]
[Round "5"]
[White "Maric,A"]
[Black "Ciuksyte,D"]
[Result "1/2-1/2"]
[WhiteElo "2415"]
[BlackElo "2341"]

1.Nf3 Nf6 2.c4 c5 3.Nc3 e6 4.g3 b6 5.Bg2 Bb7 6.O-O Be7 7.d4 cxd4 8.Qxd4 d6
9.Rd1 a6 10.b3 Nbd7 11.Bb2 O-O 12.e4 Qc8 13.Rac1 Re8 14.Ne1 Qc7 15.h3 Rad8
16.Qe3 Qb8 17.Nd3 Qa8 18.Re1 Bf8 19.Qf4 Bc6 20.Nb4 Bb7 21.Nd3 Bc6 22.Nb4 Bb7  1/2-1/2

[Event "15th ETC Women"]
[Site "Gothenburg SWE"]
[Date "2005.08.05"]
[Round "7"]
[White "Olarasu,G"]
[Black "Khurtsidze,N"]
[Result "1/2-1/2"]
[WhiteElo "2306"]
[BlackElo "2449"]

1.Nf3 c5 2.c4 Nf6 3.Nc3 e6 4.g3 b6 5.Bg2 Bb7 6.O-O Be7 7.b3 O-O 8.Bb2 d5
9.cxd5 Nxd5 10.Nxd5 Bxd5 11.Qb1 Nd7 12.e4 Bb7 13.Rd1 Qc7 14.Qc2 Rac8 15.Rac1 Qb8
16.Re1 Rfd8 17.d3 Bf6 18.Qe2 Ne5 19.Bxe5 Bxe5 20.Nd2 Bd4 21.e5 Bxg2 22.Kxg2 Qb7+
23.Qe4 Rc7 24.Qxb7 Rxb7 25.f4 f6 26.exf6 Bxf6 27.Rxe6 Rxd3 28.Nf3 Kf7 29.Re4 Re7
30.Rce1 Rxe4 31.Rxe4 Rc3 32.Re2 c4 33.bxc4 Rxc4 34.Kf2 Ra4 35.h4 h6 36.h5 b5
37.Nh2 b4 38.g4 a5 39.Nf3 Ra3 40.g5 Bc3 41.g6+ Kf6 42.Nd2 Bxd2 43.Rxd2 Kf5
44.Rd7 Rxa2+ 45.Ke3 Ra3+ 46.Kd2 Kxf4 47.Rxg7 Kg5 48.Ra7 Kxh5 49.g7 Rg3 50.Rxa5+ Kh4
51.Rb5 Rxg7 52.Rxb4+ Kg3 53.Ke2 Rf7 54.Rb8 Rf5 55.Rh8 h5 56.Rg8+ Kh3 57.Ke3 h4
58.Ke2 Kh2 59.Rg4 h3 60.Rg8 Ra5 61.Kf2 Ra2+ 62.Kf1 Rg2 63.Rh8 Rg4 64.Kf2 Rf4+
65.Ke3 Rf7 66.Ke2 Kg2 67.Rg8+ Kh1 68.Rh8 h2 69.Rh6 Rf5 70.Rg6 Ra5 71.Rg8 Ra1
72.Kf2 Rg1 73.Rh8 Rg2+ 74.Kf1 Rg5 75.Rf8 Rg6 76.Kf2 Rg5  1/2-1/2

[Event "Open"]
[Site "Olomouc CZE"]
[Date "2005.08.07"]
[Round "5"]
[White "Kutynec,V"]
[Black "Kryvoruchko,Y"]
[Result "0-1"]
[WhiteElo "2345"]
[BlackElo "2476"]

1.Nf3 Nf6 2.c4 c5 3.Nc3 d5 4.cxd5 Nxd5 5.d4 Nxc3 6.bxc3 cxd4 7.cxd4 e5 8.e4 exd4
9.Qxd4 Bd7 10.Ne5 Be7 11.Bc4 O-O 12.O-O Bf6 13.Ba3 Be6 14.Qxd8 Rxd8 15.Rad1 Bxc4
16.Rxd8+ Bxd8 17.Rd1 Nc6 18.Nxc4 b5 19.Ne3 b4 20.Bb2 a5 21.Rd7 a4 22.f4 Bb6
23.Kf2 a3 24.Ba1 Na5 25.Ke2 b3 26.axb3 Bxe3 27.Kxe3 Nxb3 28.Rd1 a2 29.g4 h6
30.h4 Rc8 31.g5 h5 32.f5 Kf8 33.e5 g6 34.Bb2 gxf5 35.Kf4 Rc2 36.Ba1 Rf2+
37.Kg3 Rd2 38.Re1 Ke7 39.e6 fxe6 40.Be5 Kf7 41.Kf4 Rd5 42.Bb2 Nd4 43.Ra1 e5+
44.Kg3 Ra5 45.Rd1 Ke6  0-1

[Event "HZ Open"]
[Site "Vlissingen NED"]
[Date "2005.08.07"]
[Round "2"]
[White "Verduyn,F"]
[Black "Viaene,A"]
[Result "1-0"]
[WhiteElo "2288"]
[BlackElo "2029"]

1.Nf3 Nf6 2.c4 c5 3.Nc3 d5 4.cxd5 Nxd5 5.d4 cxd4 6.Qxd4 e6 7.e4 Nc6 8.Bb5 Nxc3
9.Bxc6+ bxc6 10.Qxc3 Be7 11.O-O O-O 12.Be3 Qc7 13.Rac1 Ba6 14.Rfd1 Rfd8 15.Nd4 Rac8
16.Nb3 Rxd1+ 17.Rxd1 c5 18.Bxc5 Bf6 19.Bd4 Qxc3 20.bxc3 Kf8 21.Nc5 Bb5 22.Rb1 Bc6
23.f3 Ke8 24.Rb3 Rd8 25.e5 Be7 26.Ne4 Bd5 27.Rb5 a6 28.Rb6 Bxa2 29.Rxa6 Bd5
30.Kf2 Rb8 31.Ke3 Rc8 32.Ra7 h6 33.Nd6+ Bxd6 34.exd6 Rd8 35.Bxg7 Rxd6 36.Bxh6 e5
37.Bg7 Rg6 38.Bxe5 Rxg2 39.h4 Rg6 40.Bf4 Re6+ 41.Kf2 Rf6 42.Ra4 Kf8 43.Rd4 Kg8
44.h5  1-0

[Event "FSIMA August"]
[Site "Budapest HUN"]
[Date "2005.08.08"]
[Round "3"]
[White "Szeberenyi,A"]
[Black "Brustkern,J"]
[Result "1-0"]
[WhiteElo "2396"]
[BlackElo "2250"]

1.Nf3 Nf6 2.c4 e6 3.Nc3 c5 4.g3 b6 5.Bg2 Bb7 6.O-O Be7 7.Re1 d5 8.cxd5 exd5
9.d4 O-O 10.Bf4 Nc6 11.Qa4 Ne4 12.Rad1 Nxc3 13.bxc3 cxd4 14.Nxd4 Nxd4 15.cxd4 Qe8
16.Qb3 Qd7 17.Rc1 Rac8 18.h4 Rfd8 19.e3 b5 20.Kh2 Rc4 21.Bf1 Qc6 22.e4 Qb6
23.Bxc4 dxc4 24.Qc2 Rxd4 25.Be3 Bc5 26.Bxd4 Bxd4 27.Rcd1 Bxf2 28.Qd2 h5 29.Rf1 Be3
30.Qd7 Bh6 31.Rd6 Qe3 32.Qxf7+  1-0

[Event "ch-IRI Semi-Final"]
[Site "Tehran IRI"]
[Date "2005.08.08"]
[Round "6"]
[White "Afshari,M"]
[Black "Golizadeh,A"]
[Result "1-0"]
[WhiteElo "2226"]
[BlackElo "2145"]

1.Nf3 c5 2.c4 Nf6 3.Nc3 g6 4.g3 Bg7 5.Bg2 O-O 6.d4 a6 7.O-O cxd4 8.Nxd4 Qc7
9.b3 d6 10.Bb2 Nc6 11.Rc1 Nxd4 12.Qxd4 Be6 13.Na4 Nh5 14.Qd2 Rab8 15.Bxg7 Nxg7
16.c5 Rfd8 17.Qg5 d5 18.Rfd1 f6 19.Qe3 Bf7 20.Nb6 e6 21.b4 Nf5 22.Qb3 Ne7
23.h4 Kg7 24.a4 Nc8 25.Nxc8 Rbxc8 26.b5 axb5 27.axb5 Ra8 28.c6 b6 29.Ra1 d4
30.Rxa8 Rxa8 31.Rxd4 Qe5 32.Qd3 Be8 33.Rd7+ Kh6 34.Qd2+ g5 35.hxg5+ fxg5
36.Qd4  1-0

[Event "HZ Open"]
[Site "Vlissingen NED"]
[Date "2005.08.08"]
[Round "3"]
[White "Kohlweyer,B"]
[Black "Prange,S"]
[Result "1/2-1/2"]
[WhiteElo "2423"]
[BlackElo "2196"]

1.c4 Nf6 2.Nc3 c5 3.Nf3 g6 4.d4 cxd4 5.Nxd4 Bg7 6.e4 d6 7.Be2 O-O 8.O-O Nc6
9.Be3 Nxd4 10.Bxd4 Be6 11.Rc1 Nd7 12.Be3 a5 13.b3 Nc5 14.f3 f5 15.exf5 gxf5
16.Qd2 Rf6 17.f4 Bf7 18.Bf3 Qf8 19.Rfe1 Rd8 20.Rcd1 b6 21.Bd4 Re6 22.Rxe6 Bxe6
23.Re1 Bxd4+ 24.Qxd4 Qg7 25.Qxg7+ Kxg7 26.Re3 Kf6 27.Bd5 Bd7 28.Bf3  1/2-1/2